Pueblos indígenas y educación : enero-junio 2018 : N°65 : número monográfico sobre revitalización lingüística /

I tiakina i:
Ngā taipitopito rārangi puna kōrero
Ētahi atu kaituhi: López, Luis Enrique (coordinación) (coordinación), Abraham, Matthias Abram (coordinación) (coordinación), Moya, Ruth (coordinación) (coordinación)
Hōputu: Pukapuka
Reo:Pāniora
I whakaputaina: Quito, Ecuador : Abya-Yala, 2018, c2018
Ngā marau:
Ngā Tūtohu: Tāpirihia he Tūtohu
Kāore He Tūtohu, Me noho koe te mea tuatahi ki te tūtohu i tēnei pūkete!

MARC

LEADER 00000nam^a2200000^a^4500
001 000409226
005 20250521000000.0
009 20260310122016.398
020 |a 978-9942-09-519-0 
037 |a Acervo ITESO - Biblioteca 
041 |a ESP 
082 |a 306. 08  |b PIE V. 65 
245 0 0 |a Pueblos indígenas y educación :  |b enero-junio 2018 : N°65 : número monográfico sobre revitalización lingüística /  |c Coord. de L.E. López, M.A. Abraham, R. Moya. 
264 4 |a Quito, Ecuador :  |b Abya-Yala,  |c 2018, c2018 
300 |a 201 p. 
336 |a texto  |b txt  |2 rdacontenido 
337 |a sin mediación  |b n  |2 rdamedio 
338 |a volumen  |b nc  |2 rdasoporte 
521 |a FIL 2018 EEnlace Departamento de Psicología, Educación y Salud 
649 |a XX 
650 |a Sociolingüística -  |x Tema Principal 
650 |a Educación Intercultural -  |z Ecuador 
650 |a Educación Indígena -  |x Publicaciones Periódicas -  |x Tema Principal 
650 |a Educación Indígena -  |x Tema Principal 
650 |a Publicaciones Periódicas Ecuatorianas 
700 |a López, Luis Enrique  |e (coordinación) 
700 |a Abraham, Matthias Abram  |e (coordinación) 
700 |a Moya, Ruth  |e (coordinación) 
910 |a Fondo General 
920 |a Impresos - Libros 
930 |a Colección General 
905 |a 101 
901 |a 0500317730  |b IT1  |c ACC  |i C163424  |u 20250521 
902 |a https://opac.biblio.iteso.mx/vufind/Record/000409226